| 000 | 01297nam a2200277 a 4500 | ||
|---|---|---|---|
| 003 | BLK | ||
| 005 | 20250109125913.0 | ||
| 008 | 210309b bu |||||r|||| 00| | bu d | ||
| 020 | _a9786191545735 | ||
| 040 | _aBLK | ||
| 041 |
_aBUL _cBUL |
||
| 080 |
_aБългарска литература _b821.163.2 _x-1 _z821.163.2-1 _9227592 |
||
| 084 | _aЖ 32 | ||
| 100 |
_9496063 _aЖекова, Десислава _d1972 - |
||
| 245 |
_aЛице в облаците _bстихосбирка _cДесислава Жекова ; худож. Валентин Георгиев. |
||
| 257 | _aBGR | ||
| 260 |
_9217530 _aСофия _bБуквите Пъблишинг _c2024 |
||
| 300 |
_a104 с. _bс ил. _c20 см |
||
| 380 | _aX | ||
| 500 | _aАвтограф с текст: С благодарност към екипа на Регионална библиотека "Любен Каравелов" - гр. Русе за професионализма и топлото посрещане ! гр. Русе 6.11.2024 г. Подпис | ||
| 700 |
_9365468 _aГеоргиев, Валентин |
||
| 852 |
_bК _cК 821.163.2/Ж 32 Д |
||
| 942 |
_cKNG _n0 _s1 |
||
| 944 |
_cСевдалина Тодорова _k30540 _lСевдалина Тодорова |
||
| 999 |
_c521490 _d521490 |
||